| 000 | 00963nam a2200241Ia 4500 | ||
|---|---|---|---|
| 003 | IN-BaIIA | ||
| 008 | 211028s9999 xx 000 0 eng d | ||
| 020 | _a90-277-0199-7 | ||
| 040 | _cIIA Library | ||
| 080 |
_a082.2:52 _bIAU-S44 |
||
| 111 |
_aInternational Astronomical Union Symposium _n44th _cSweden _d1970 Aug. 10-14 _912927 |
||
| 245 | 0 |
_aExternal galaxies and quasi-stellar objects _bproceedings of the International Astronomical Union Symposium No.44, held in Uppsala, Sweden, 10-14, August 1970 _cedited by David S. Evans |
|
| 260 |
_aDordrecht _bD. Reidel Publishing _c1972 |
||
| 300 | _axvi, 549p. | ||
| 490 | _aIAU Symposium; no. 44 | ||
| 500 | _aDonated by Mrs. Bappu | ||
| 650 | _aAstronomy and Astrophysics Thesaurus | ||
| 650 |
_aExtragalactic Radio Sources _93899 |
||
| 650 |
_aQuasars _91096 |
||
| 700 |
_aEvans, David S., ed. _911757 |
||
| 710 | _aInternational Astronomical Union | ||
| 942 | _cBK | ||
| 999 |
_c7645 _d7645 |
||